Welcome to the Holygrace Academy Library

Please use search bar below to get started

ALGEBRA (Record no. 1230)

MARC details
000 -LEADER
fixed length control field 00280nam a22001337a 4500
020 ## - INTERNATIONAL STANDARD BOOK NUMBER
ISBN 818348012-8
082 ## - DEWEY DECIMAL CLASSIFICATION NUMBER
Classification number 510
Item number GOY/A
100 ## - MAIN ENTRY--AUTHOR NAME
Personal name GOYAL , S.K
245 ## - TITLE STATEMENT
Title ALGEBRA
260 ## - PUBLICATION, DISTRIBUTION, ETC. (IMPRINT)
Place of publication MEERUT
Name of publisher ARIHANT PRAKASHAN
300 ## - PHYSICAL DESCRIPTION
Number of Pages 976
650 ## - SUBJECT ADDED ENTRY--TOPICAL TERM
Topical Term MATHS REFERENCE
Geographic subdivision INDIA
942 ## - ADDED ENTRY ELEMENTS (KOHA)
Koha item type Books
Holdings
Withdrawn status Lost status Collection code Home library Current library Shelving location Date acquired Source of acquisition Cost, normal purchase price Full call number Accession Number Koha item type
    Reference Main Library Main Library SHELF-5 A REFERENCE MATHS 10/03/2006 purchase 325.00 510 GOY/A 02272 Books